Razrabotka problematiky associativnych polej v Rossijskoj lingvistike

Analýza podstaty asociatívných pojmov, noriem a vydávanie asociatívnych slovníkov ruských jazykovedcov.

Gespeichert in:
Bibliographische Detailangaben
1. Verfasser: Dulebová, Irina
Weitere Verfasser: Dziváková, Michaela, 1979-
Format: Buchkapitel
Sprache:Russisch
Schlagworte:
Tags: Tag hinzufügen
Keine Tags, Fügen Sie das erste Tag hinzu!

MARC

LEADER 00000naa a2200000 4500
001 0174821
005 20240502073000.2
041 0 |a rus 
044 |a SK 
245 1 0 |a Razrabotka problematiky associativnych polej v Rossijskoj lingvistike  |c Irina Dulebová, Michaela Dziváková 
520 |a Analýza podstaty asociatívných pojmov, noriem a vydávanie asociatívnych slovníkov ruských jazykovedcov. 
610 2 0 |a jazyky cudzie 
610 2 0 |a ruština 
610 2 0 |a jazykoveda 
100 1 |a Dulebová, Irina 
700 1 |a Dziváková, Michaela, 1979-